K-pop Vs. Marvel Quiz Stats

 Plays Quiz Updated Apr 24, 2019

Score 0/40 Timer 02:30
8 Plays Today
Clue Kpop (K) or Marvel (M) % Correct
BLACKPINK???
89.6%
Deadpool???
89%
Punisher???
88.1%
BESTie???
87.9%
Quicksilver???
87.1%
Mamamoo???
87.1%
Sabretooth???
87%
Super Junior???
87%
She-Hulk???
86.9%
Monsta X???
86.8%
Juggernaut???
86.7%
Shinhwa???
86.3%
Sistar???
86.1%
Big Bang???
86.1%
Galactus???
86%
Venom Symbiote???
85.3%
Havok???
84.5%
Topp Dogg???
83.7%
Red Velvet???
82.6%
Wolfsbane???
82.2%
Clue Kpop (K) or Marvel (M) % Correct
Psylocke???
82.1%
Pentagon???
82%
Banshee???
81.3%
Uniq???
80.5%
Infinite???
79.2%
Seven O'Clock???
79%
Bishop???
77.9%
Domino???
76.1%
C-Clown???
75.8%
A.cian???
74.9%
Tiny-G???
74.2%
Victon???
74.1%
Cross Gene???
73.5%
Dazzler???
73.4%
X-23???
71.8%
Dal Shabet???
71.5%
Jubilee???
71.3%
Polaris???
70.6%
Pixie???
64%
Boom-Boom???
45%

You're not logged in!

Compare scores with friends on all Sporcle quizzes.
OR
Log In

Sporcle TV

Today on Sporcle TV


Watch our educational content, quiz creation guides, and fun videos on Sporcle TV.

Show Comments

Extras

Top Quizzes Today


Score Distribution

Your Account Isn't Verified!

In order to create a playlist on Sporcle, you need to verify the email address you used during registration. Go to your Sporcle Settings to finish the process.

Report this User

Report this user for behavior that violates our Community Guidelines.

Details: